Rétorika : Umění mluvit a jednat s lidmi /

Salvato in:
Dettagli Bibliografici
Autore principale: Kohout, Jaroslav (Autore)
Natura: Libro
Lingua:ceco
Pubblicazione: Praha : Management Press, Profit, a.s, 1995
Edizione:1.vyd.
Soggetti:
Accesso online:OBSAH
Tags: Aggiungi Tag
Nessun Tag, puoi essere il primo ad aggiungerne!!

MARC

LEADER 00000nam a22000003a 4500
001 stu46196
005 20150617225716.3
008 980212s1995----cs------------------cze-d
020 |a 80-85603-92-6 
040 |a STU  |b slo 
041 0 |a cze 
044 |a cs 
080 |a 82.085 
100 1 |a Kohout, Jaroslav  |4 aut 
245 1 |a Rétorika :  |b Umění mluvit a jednat s lidmi /  |c [aut.]Jaroslav Kohout 
250 |a 1.vyd. 
260 |a Praha :  |b Management Press, Profit, a.s,  |c 1995 
300 |a 124 s 
650 7 |a rétorika  |2 stusub 
856 4 |a https://sweb.mtf.stuba.sk/obsahy/retorika_umeni_mluvit_a_jednat_s_lidmi_95.PDF  |u https://sweb.mtf.stuba.sk/obsahy/retorika_umeni_mluvit_a_jednat_s_lidmi_95.PDF  |3 OBSAH 
996 |b 284M051345  |c M*9776-1  |l MMKN  |s A  |a 24  |w stu46196_0001 
996 |b 284M024886  |c M*9776-2  |l MMKN  |s A  |a 24  |w stu46196_0002